Loading...
| History - World History | 3 | 2 | 1 | 1 | 60 | 18 | 65.20 | 4 | 4 |
| History - American History | 2 | 2 | 0 | 2 | 50 | 7 | 77.50 | 1 | 2 |
| Arts - Painting | 0 | 4 | 0 | 2 | 40 | 89 | 122.50 | 1 | 2 |
| Science - Biology | 1 | 3 | 1 | 2 | 40 | 55 | 105.75 | 0 | 3 |
| Other - Geo/CE | 1 | 2 | 1 | 1 | 30 | 51 | 92.00 | 1 | 3 |
| History - Other History | 1 | 3 | 3 | 0 | 30 | 65 | 83.50 | 3 | 4 |
| Thought - Philosophy | 0 | 3 | 0 | 0 | 30 | 85 | 99.00 | 1 | 2 |
| Beliefs - Mythology | 1 | 2 | 1 | 0 | 30 | 68 | 94.00 | 0 | 2 |
| Science - Physics | 1 | 1 | 0 | 0 | 25 | 57 | 71.50 | 1 | 2 |
| Literature - British Lit | 1 | 1 | 0 | 1 | 25 | 63 | 102.00 | 1 | 1 |
| Arts - Music | 1 | 1 | 0 | 0 | 25 | 64 | 76.50 | 1 | 2 |
| Other - Pop Culture | 1 | 1 | 0 | 1 | 25 | 59 | 93.00 | 1 | 1 |
| Science - Engineering | 0 | 2 | 0 | 1 | 20 | 116 | 125.50 | 0 | 0 |
| History - Euro History | 0 | 2 | 0 | 0 | 20 | 93 | 102.50 | 1 | 1 |
| Thought - Social Science | 0 | 2 | 1 | 0 | 15 | 80 | 82.50 | 1 | 1 |
| Arts - Other Arts | 0 | 2 | 1 | 0 | 15 | 70 | 80.00 | 1 | 2 |
| Literature - Euro Lit | 0 | 2 | 1 | 1 | 15 | 116 | 126.50 | 0 | 1 |
| Literature - World Lit | 0 | 2 | 1 | 0 | 15 | 74 | 78.50 | 0 | 1 |
| Science - Other Science | 0 | 2 | 1 | 1 | 15 | 87 | 110.00 | 0 | 2 |
| Other - Other Academic | 0 | 1 | 0 | 0 | 10 | 101 | 101.00 | 0 | 1 |
| Literature - American Lit | 0 | 1 | 0 | 0 | 10 | 80 | 80.00 | 1 | 1 |
| Science - Chemistry | 0 | 1 | 0 | 0 | 10 | 137 | 137.00 | 0 | 0 |
| Beliefs - Religion | 0 | 1 | 2 | 0 | 0 | 99 | 99.00 | 0 | 1 |